Piłkarze Górnika Zabrze - nagła śmierć - Statystyki

Ogólne statystyki
  • Ten quiz został rozwiązany 241 razy
  • Średni wynik to 8 z 16
Answers on the Grid
Answers color-coded by a green-red scale on the quiz's grid according to % correct below.
Arkadiusz Milik
Jakub Błaszczykowski
Miroslav Klose
Lukas Podolski
Georgios Giakoumakis
Christian Gytkjær
Ireneusz Jeleń
Thiago Cionek
Milan Baroš
Lukasz Skorupski
Abdou Razack Traoré
Szymon Żurkowski
Bartosz Kapustka
Mateusz Wieteska
Radoslaw Sobolewski
Radosław Murawski
Kasper Hämäläinen
Mariusz Jop
Michal Pazdan
Mariusz Lewandowski
Igor Angulo
Ivan Perišić
Joel Valencia
Damian Kadzior
Kamil Kosowski
Wahan Biczachczian
Préjuce Nakoulma
Cwetan Genkow
Tomáš Jirsák
Rafal Kurzawa
Nika Dzalamidze
Luka Zahovic
 
Statystyki odpowiedzi
Odpowiedź % Poprawnych
Arkadiusz Milik
95%
Lukas Podolski
88%
Igor Angulo
60%
Szymon Żurkowski
54%
Damian Kadzior
52%
Luka Zahovic
52%
Rafal Kurzawa
52%
Lukasz Skorupski
49%
Préjuce Nakoulma
43%
Georgios Giakoumakis
40%
Michal Pazdan
40%
Ireneusz Jeleń
39%
Mateusz Wieteska
35%
Radoslaw Sobolewski
35%
Kamil Kosowski
27%
Mariusz Jop
20%
Nie znaleziono quizów pasujących do podanych kryteriów
Rozkład punktacji
Procent ludzi z każdym wynikiem
Percentyl według liczby udzielonych odpowiedzi
Twoja historia wyników
Nie rozwiązałeś tego quizu